|
|
|
|
| LEADER |
00000nam a2200000 a 4500 |
| 001 |
vtls001322926 |
| 003 |
SK-MaSNL |
| 005 |
20260302070404.0 |
| 008 |
240318s1997 xo a r y slo |
| 015 |
|
|
|a SNBA1998/06-02125
|
| 020 |
|
|
|a 8080550549
|
| 035 |
|
|
|a SNK000275611
|
| 035 |
|
|
|a urn:nbn:sk:snk-amkhcd
|
| 035 |
|
|
|a urn:nbn:sk:snk-am008ggh
|
| 035 |
|
|
|a C7087845-873B-4C33-AFF7-E179AC1FBEA1
|
| 040 |
|
|
|a SNK
|b slo
|c SNK
|e AACR2
|
| 041 |
0 |
|
|a slo
|
| 044 |
|
|
|a xo
|c SK
|
| 080 |
|
|
|a 371.3:372.48(075.8)
|2 1981
|
| 080 |
|
|
|a 372.48(075.8)
|2 1981
|
| 100 |
1 |
|
|a Beňušková, Jolana
|4 aut
|9 677690
|
| 245 |
1 |
0 |
|a Vybrané kapitoly z didaktiky prvouky
|c Jolana Beňušková, Alena Doušková
|
| 260 |
|
|
|a Banská Bystrica
|b Univerzita Mateja Bela
|c 1997
|
| 300 |
|
|
|a 128 s.
|b sch.
|c 21 cm
|
| 500 |
|
|
|a 500 výt.
|
| 504 |
|
|
|a Bibliogr. s. 123-128
|
| 650 |
0 |
7 |
|a prvouka
|2 SNKPH
|9 3651
|
| 650 |
0 |
7 |
|a didaktika prvouky
|2 SNKPH
|9 183031
|
| 655 |
|
7 |
|a učebnice vysokých škôl
|2 SNKPH
|9 70191
|
| 700 |
1 |
|
|a Doušková, Alena,
|d 1956-
|4 aut
|9 219056
|
| 919 |
|
|
|a 80-8055-054-9
|
| 958 |
|
|
|a TL
|
| 958 |
|
|
|a UV
|
| 958 |
|
|
|a NB
|
| 999 |
|
|
|c 1147021
|d 1148951
|
| 952 |
|
|
|t P60, <03>, [BOOK], {603}
|a SNK
|b SNK
|y PREZ
|7 0
|p 17A0125249
|o snkSC 95206
|i snkKSP 2365/98
|0 0
|1 0
|4 0
|d 1998-03-05
|f 1
|l 0
|r 2025-09-12 00:00:00
|w 2026-02-24
|
| 952 |
|
|
|t P60, <04>, [BOOK], {604}
|a SNK
|b SNK
|y VYP
|7 0
|p 17A0125247
|o snkSC 95206 D1
|i snkKSP 2366/98
|0 0
|1 0
|4 0
|d 1998-03-05
|l 0
|r 2005-01-02 00:00:00
|w 2026-02-24
|